<?xml version="1.0" encoding="UTF-8"?>
<record
    xmlns:xsi="http://www.w3.org/2001/XMLSchema-instance"
    xsi:schemaLocation="http://www.loc.gov/MARC21/slim http://www.loc.gov/standards/marcxml/schema/MARC21slim.xsd"
    xmlns="http://www.loc.gov/MARC21/slim">

  <leader>01336nam a22002777i 4500</leader>
  <controlfield tag="003">DO-SdBNP</controlfield>
  <controlfield tag="005">20240521150930.0</controlfield>
  <controlfield tag="007">ta</controlfield>
  <controlfield tag="008">240521b2009    dr abo|| |||| 00| 0 spa d</controlfield>
  <datafield tag="020" ind1=" " ind2=" ">
    <subfield code="a">9789945870121</subfield>
  </datafield>
  <datafield tag="040" ind1=" " ind2=" ">
    <subfield code="a">DO-SdBNP</subfield>
    <subfield code="b">spa</subfield>
    <subfield code="c">BNPHU</subfield>
    <subfield code="e">rda</subfield>
  </datafield>
  <datafield tag="082" ind1="0" ind2="4">
    <subfield code="2">22</subfield>
    <subfield code="a">324.6098</subfield>
    <subfield code="b">E56i</subfield>
  </datafield>
  <datafield tag="111" ind1="1" ind2=" ">
    <subfield code="a">Encuentro Internacional de Administradores de Procesos Electorales.</subfield>
    <subfield code="c">Santo Domingo, Rep&#xFA;blica Dominicana</subfield>
    <subfield code="d">(1o. : 2008 :</subfield>
    <subfield code="9">85526</subfield>
  </datafield>
  <datafield tag="245" ind1="1" ind2="0">
    <subfield code="a">Encuentro Internacional de Administradores de Procesos Electorales /</subfield>
    <subfield code="c">coordinaci&#xF3;n Direcci&#xF3;n Nacional de Elecciones ; editor; Nurys Paulino ; presentaci&#xF3;n Roberto Rosario M&#xE1;rquez.</subfield>
  </datafield>
  <datafield tag="264" ind1=" " ind2=" ">
    <subfield code="a">Santo Domingo, Rep&#xFA;blica Dominicana :</subfield>
    <subfield code="b">Junta Central Electoral,</subfield>
    <subfield code="c">&#xA9;2009.</subfield>
  </datafield>
  <datafield tag="300" ind1=" " ind2=" ">
    <subfield code="a">163 p&#xE1;ginas :</subfield>
    <subfield code="b">ilustraciones, mapas, fotograf&#xED;as ;</subfield>
    <subfield code="c">22 cm. </subfield>
  </datafield>
  <datafield tag="336" ind1=" " ind2=" ">
    <subfield code="2">rdacontent </subfield>
    <subfield code="a">texto</subfield>
    <subfield code="b">txt</subfield>
  </datafield>
  <datafield tag="337" ind1=" " ind2=" ">
    <subfield code="2">rdamedia</subfield>
    <subfield code="a">sin mediaci&#xF3;n </subfield>
    <subfield code="b">n</subfield>
  </datafield>
  <datafield tag="338" ind1=" " ind2=" ">
    <subfield code="2">rdacarrier </subfield>
    <subfield code="a">volumen </subfield>
    <subfield code="b">nc</subfield>
  </datafield>
  <datafield tag="650" ind1=" " ind2="4">
    <subfield code="a">Elecciones</subfield>
    <subfield code="x">Congresos, conferencias, etc </subfield>
    <subfield code="z">Am&#xE9;rica Latina</subfield>
    <subfield code="9">85527</subfield>
  </datafield>
  <datafield tag="650" ind1=" " ind2="4">
    <subfield code="a">Partidos pol&#xED;ticos</subfield>
    <subfield code="v">Congresos, conferencias, etc.</subfield>
    <subfield code="z">Am&#xE9;rica Latina</subfield>
    <subfield code="9">85528</subfield>
  </datafield>
  <datafield tag="650" ind1=" " ind2="4">
    <subfield code="a">Comunicaci&#xF3;n en pol&#xED;tica</subfield>
    <subfield code="v">Congresos, conferencias, etc.</subfield>
    <subfield code="z">Rep&#xFA;blica Dominicana</subfield>
    <subfield code="9">85529</subfield>
  </datafield>
  <datafield tag="700" ind1="1" ind2=" ">
    <subfield code="a">Paulino, Nurys, </subfield>
    <subfield code="e">editor</subfield>
    <subfield code="9">22136</subfield>
  </datafield>
  <datafield tag="700" ind1="1" ind2=" ">
    <subfield code="a">Rosario M&#xE1;rquez, Roberto,</subfield>
    <subfield code="e">presentaci&#xF3;n </subfield>
    <subfield code="9">22122</subfield>
  </datafield>
  <datafield tag="942" ind1=" " ind2=" ">
    <subfield code="2">ddc</subfield>
    <subfield code="c">LBS1</subfield>
  </datafield>
  <datafield tag="952" ind1=" " ind2=" ">
    <subfield code="0">0</subfield>
    <subfield code="1">0</subfield>
    <subfield code="2">ddc</subfield>
    <subfield code="5">1</subfield>
    <subfield code="7">0</subfield>
    <subfield code="8">PD</subfield>
    <subfield code="a">BNPHU</subfield>
    <subfield code="b">BNPHU</subfield>
    <subfield code="c">HD</subfield>
    <subfield code="d">2023-05-29</subfield>
    <subfield code="e">Donado por Junta Central Electoral</subfield>
    <subfield code="l">0</subfield>
    <subfield code="o">BNPHU PD 324.6098 E56i</subfield>
    <subfield code="p">2024-3086</subfield>
    <subfield code="r">2024-05-21</subfield>
    <subfield code="w">2024-05-21</subfield>
    <subfield code="y">LBS1</subfield>
  </datafield>
  <datafield tag="952" ind1=" " ind2=" ">
    <subfield code="0">0</subfield>
    <subfield code="1">0</subfield>
    <subfield code="2">ddc</subfield>
    <subfield code="5">1</subfield>
    <subfield code="7">0</subfield>
    <subfield code="8">PD</subfield>
    <subfield code="a">BNPHU</subfield>
    <subfield code="b">BNPHU</subfield>
    <subfield code="c">HD</subfield>
    <subfield code="d">2023-05-29</subfield>
    <subfield code="e">Donado por Junta Central Electoral</subfield>
    <subfield code="l">0</subfield>
    <subfield code="o">BNPHU PD 324.6098 E56i</subfield>
    <subfield code="p">2024-3087</subfield>
    <subfield code="r">2024-05-21</subfield>
    <subfield code="t">e.2</subfield>
    <subfield code="w">2024-05-21</subfield>
    <subfield code="y">LBS1</subfield>
  </datafield>
  <datafield tag="952" ind1=" " ind2=" ">
    <subfield code="0">0</subfield>
    <subfield code="1">0</subfield>
    <subfield code="2">ddc</subfield>
    <subfield code="5">6</subfield>
    <subfield code="7">0</subfield>
    <subfield code="8">DS</subfield>
    <subfield code="a">BNPHU</subfield>
    <subfield code="b">BNPHU</subfield>
    <subfield code="c">HD</subfield>
    <subfield code="d">2023-05-29</subfield>
    <subfield code="e">Donado por Junta Central Electoral</subfield>
    <subfield code="l">0</subfield>
    <subfield code="o">BNPHU DS 324.6098 E56i</subfield>
    <subfield code="p">2024-3088</subfield>
    <subfield code="r">2024-05-21</subfield>
    <subfield code="t">e.3</subfield>
    <subfield code="w">2024-05-21</subfield>
    <subfield code="y">LBS1</subfield>
  </datafield>
  <datafield tag="952" ind1=" " ind2=" ">
    <subfield code="0">0</subfield>
    <subfield code="1">0</subfield>
    <subfield code="2">ddc</subfield>
    <subfield code="5">6</subfield>
    <subfield code="7">0</subfield>
    <subfield code="8">DS</subfield>
    <subfield code="a">BNPHU</subfield>
    <subfield code="b">BNPHU</subfield>
    <subfield code="c">HD</subfield>
    <subfield code="d">2023-05-29</subfield>
    <subfield code="e">Donado por Junta Central Electoral</subfield>
    <subfield code="l">0</subfield>
    <subfield code="o">BNPHU DS 324.6098 E56i</subfield>
    <subfield code="p">2024-3089</subfield>
    <subfield code="r">2024-05-21</subfield>
    <subfield code="t">e.4</subfield>
    <subfield code="w">2024-05-21</subfield>
    <subfield code="y">LBS1</subfield>
  </datafield>
  <datafield tag="952" ind1=" " ind2=" ">
    <subfield code="0">0</subfield>
    <subfield code="1">0</subfield>
    <subfield code="2">ddc</subfield>
    <subfield code="5">6</subfield>
    <subfield code="7">0</subfield>
    <subfield code="8">DS</subfield>
    <subfield code="a">BNPHU</subfield>
    <subfield code="b">BNPHU</subfield>
    <subfield code="c">HD</subfield>
    <subfield code="d">2023-05-29</subfield>
    <subfield code="e">Donado por Junta Central Electoral</subfield>
    <subfield code="l">0</subfield>
    <subfield code="o">BNPHU DS 324.6098 E56i</subfield>
    <subfield code="p">2024-3090</subfield>
    <subfield code="r">2024-05-21</subfield>
    <subfield code="t">e.5</subfield>
    <subfield code="w">2024-05-21</subfield>
    <subfield code="y">LBS1</subfield>
  </datafield>
  <datafield tag="999" ind1=" " ind2=" ">
    <subfield code="c">56714</subfield>
    <subfield code="d">56714</subfield>
  </datafield>
</record>
